| 000 | 00431nam a22001697a 4500 | ||
|---|---|---|---|
| 003 | BD-DhUIB | ||
| 005 | 20251025152740.0 | ||
| 008 | 251025b |||||||| |||| 00| 0 eng d | ||
| 040 |
_aBD-DhUIB _cBD-DhUIB |
||
| 050 | _a658.4012 | ||
| 082 | _222 | ||
| 100 |
_aAfuash, Allan. _91040 |
||
| 245 |
_aInternet business models and strategies: _btext and cases/ _cby Allan, Afuah. |
||
| 250 | _a2nd ed. | ||
| 526 | _aBBA. | ||
| 942 |
_2ddc _cBK |
||
| 999 |
_c598 _d598 |
||